Los Mártires de la iglesia : (testigos de su fé) / Justo Pérez de Urbel (testigos de su fé) / Justo Pérez de Urbel
Descripción Física:
372 p., [2] f., [7] làm. ; 20 cm
Colección:
Colección la epopeya y sus héroes
MARC
| LEADER | 00000nam a2200000Ia 4500 | ||
|---|---|---|---|
| 001 | 1038 | ||
| 008 | 160829s1956 xx 000 0 cat d | ||
| 080 | |a F-1-32 | ||
| 100 | |a Pérez de Urbel, Justo |9 25243 | ||
| 245 | |a Los Mártires de la iglesia : |b (testigos de su fé) / Justo Pérez de Urbel | ||
| 260 | |a Barcelona : |b AHR, |c 1956 | ||
| 300 | |a 372 p., [2] f., [7] làm. ; |c 20 cm | ||
| 490 | |a Colección la epopeya y sus héroes | ||
| 650 | 0 | |a Esglesia Catòlica |x Espanya |x 1936/1937 |9 25244 | |
| 650 | |a Màrtirs |9 25245 | ||
| 901 | |a Arxiu | ||
| 942 | |n 1 | ||
| 952 | |0 0 |1 0 |4 0 |6 F132 |7 1 |9 43520 |a Arxiu |b Arxiu |d 2016-12-01 |l 0 |o F-1-32 |p 1038 |r 2016-12-01 00:00:00 |w 2016-12-01 |y ARXIU | ||
| 999 | |c 46066 |d 46066 | ||